[Event "AUTO-OPEN-4635"]
[Site "http://www.queenalice.com/game.php?id=1868312"]
[Date "2026.1.21"]
[Round "1"]
[White "silverado"]
[Black "rmvwoods"]
[Result "0-1"]
[WhiteElo "1911"]
[BlackElo "2034"]

1. d4 d5 2. Nf3 c5 3. c3 Bg4 4. Ne5 Bh5 5. dxc5 e6 6. Be3 Qc7 7. Qd4 f6 8. Qa4+
Nc6 9. Nxc6 bxc6 10. Nd2 Ne7 11. g3 Nf5 12. Bd4 Be7 13. Bg2 O-O 14. f3 Nxd4 15.
cxd4 Rab8 16. b4 Rb5 17. g4 Bg6 18. e4 Re8 19. exd5 exd5 20. O-O f5 21. Rae1 Rf8
22. Re5 Qb7 23. a3 fxg4 24. fxg4 Bf6 25. Nf3 Bxe5 26. Nxe5 Be4 27. Rxf8+ Kxf8
28. h3 Bxg2 29. Kxg2 a5 30. bxa5 Rb2+ 31. Kg3 Qb3+ 32. Qxb3 Rxb3+ 33. Kh4 Rxa3
34. Nxc6 Ke8 35. g5 Kd7 36. Nb8+ Kc7 37. Na6+ Kb7 38. Nb4 Ra4 39. c6+ Kc8 40.
Nc2 Rxa5 41. Kh5 Kc7 42. Nb4 Rb5 43. Na6+ Kxc6 44. Nc5 Rb4 45. Ne6 Kd7 46. Nxg7
Rxd4 47. Nf5 Rf4 48. Ne3 Ke6 49. Ng4 d4 50. Kh6 Rf7 51. h4 d3 52. h5 d2 53. Ne3
Rf3 54. Nd1 Rf1 55. Ne3 Re1 56. Nc2 Rh1 57. Ne3 Kf7 0-1

[Event "AUTO-OPEN-4635"]
[Site "http://www.queenalice.com/game.php?id=1868313"]
[Date "2026.1.21"]
[Round "1"]
[White "rmvwoods"]
[Black "silverado"]
[Result "1-0"]
[WhiteElo "2021"]
[BlackElo "1986"]

1. e4 e5 2. Nf3 Nc6 3. Bc4 Nf6 4. Ng5 d5 5. exd5 Nxd5 6. Nxf7 Kxf7 7. Qf3+ Ke6
8. Nc3 Nb4 9. Bb3 c6 10. a3 Na6 11. Qg4+ Kd6 12. Qf3 Be6 13. d4 Qf6 14. Ne4+ 1-0

[Event "Challenge"]
[Site "http://www.queenalice.com/game.php?id=1872525"]
[Date "2026.4.26"]
[Round "-"]
[White "Leanne"]
[Black "silverado"]
[Result "0-1"]
[WhiteElo "1274"]
[BlackElo "1946"]

1. d4 d5 2. c4 c6 3. cxd5 Qxd5 4. Nc3 Qa5 5. Bd2 Qb6 6. e3 Qxb2 7. Rb1 Qa3 8.
Nf3 e6 9. Be2 Bb4 10. O-O Qa5 11. e4 Bxc3 12. Bxc3 Qxc3 13. Rb3 Qa5 14. a3 b5
15. Ne5 Bb7 16. d5 exd5 17. exd5 Nf6 18. d6 Nfd7 19. Nxd7 Nxd7 20. Bg4 O-O-O 21.
Qe2 Rhe8 22. Qc2 Qa4 23. Rc3 Qxc2 24. Rxc2 g6 25. Bf3 Ne5 26. Bxc6 Bxc6 27. Rd1
Kd7 28. f4 Nc4 29. Rd3 Ne3 30. Rc5 Ng4 31. Rc1 Re2 32. Rf1 Rxg2+ 33. Kh1 Rxh2+
0-1

[Event "Challenge"]
[Site "http://www.queenalice.com/game.php?id=1872526"]
[Date "2026.4.26"]
[Round "-"]
[White "silverado"]
[Black "Leanne"]
[Result "1-0"]
[WhiteElo "1921"]
[BlackElo "1289"]

1. d4 d5 2. Nf3 e6 3. a3 Nf6 4. Nc3 Be7 5. Ne5 O-O 6. Bg5 Nbd7 7. e3 c5 8. Bb5
a6 9. Bxd7 Bxd7 10. Nxd7 Qxd7 11. dxc5 d4 12. exd4 Qc6 13. f3 Nd5 14. Nxd5 Qxd5
15. Bxe7 Rfe8 16. Bd6 e5 17. dxe5 Qxd1+ 18. Rxd1 f6 19. f4 g5 20. g3 fxe5 21.
fxe5 1-0

[Event "AUTO-OPEN-4651"]
[Site "http://www.queenalice.com/game.php?id=1873037"]
[Date "2026.5.8"]
[Round "1"]
[White "Fredo"]
[Black "silverado"]
[Result "0-1"]
[WhiteElo "2102"]
[BlackElo "1933"]

1. d4 d5 2. c4 c6 3. Nc3 dxc4 4. e4 b5 5. Nf3 f6 6. Bf4 Bb7 7. a4 b4 8. Na2 b3
9. Nc3 Ba6 10. Be2 Qc8 11. O-O Nd7 12. e5 e6 13. Rc1 Bb4 14. Re1 f5 15. Ng5 Nb6
16. Bf3 Nd5 17. Bd2 g6 18. g4 h6 19. Nh3 Nxc3 20. bxc3 Ba5 21. gxf5 gxf5 22. Nf4
Ne7 23. Bg2 Nd5 24. Qh5+ Kd8 25. Qf7 Nxf4 26. Bxf4 Qd7 27. Qf6+ Kc7 28. Re3 Raf8
29. Qg6 Rfg8 30. Qf6 Rf8 31. Qh4 Rfg8 32. Rh3 Rg6 33. Kh1 Rg4 34. Qf6 Rhg8 35.
Rg3 h5 36. Rxg4 Rxg4 37. Bd2 Bb6 38. Rb1 c5 39. h3 Rg7 40. d5 exd5 41. e6 Qe7
42. Bf4+ Kc6 43. Qe5 Bc7 44. Qxd5+ Kb6 45. Qc6+ Ka5 46. Bc1 Bd6 47. Be3 Rxg2 48.
Qxg2 Bb7 49. f3 Qxe6 50. Bg1 Be5 51. Re1 Qf6 52. Bxc5 Bxc3 53. Be7 Qd4 54. Rf1
b2 55. Qc2 Qe5 56. Ba3 Bxf3+ 57. Rxf3 Qe1+ 58. Kh2 Be5+ 59. Kg2 b1=Q 0-1

[Event "AUTO-OPEN-4651"]
[Site "http://www.queenalice.com/game.php?id=1873038"]
[Date "2026.5.8"]
[Round "1"]
[White "silverado"]
[Black "Fredo"]
[Result "0-1"]
[WhiteElo "1927"]
[BlackElo "2086"]

1. d4 Nf6 2. Nc3 d5 3. f3 Bf5 4. g4 Bg6 5. Nh3 e6 6. a3 c6 7. Bf4 Be7 8. Bg2
Nbd7 9. O-O O-O 10. e4 dxe4 11. fxe4 Nb6 12. Qd3 Qd7 13. Bf3 Rad8 14. Be5 Qe8
15. Qe3 Nc4 16. Qc1 Nxe5 17. dxe5 Bc5+ 18. Kg2 Nd7 19. Qf4 Bd4 20. Nf2 Bxe5 21.
Qe3 b6 22. Rfd1 Qe7 23. g5 c5 24. Ng4 Bd4 25. Qd2 Ne5 26. Nxe5 Bxe5 27. Qe3 Bd4
28. Qf4 f6 29. gxf6 Rxf6 30. Qg5 Qf7 31. Rd3 Rf8 32. Rf1 a6 33. Qh4 Be5 34. Rf2
c4 35. Rdd2 Bxc3 36. bxc3 Rxf3 37. Rxf3 Qxf3+ 0-1

[Event "AUTO-OPEN-4651"]
[Site "http://www.queenalice.com/game.php?id=1873066"]
[Date "2026.5.8"]
[Round "1"]
[White "silverado"]
[Black "mvson33"]
[Result "1-0"]
[WhiteElo "1889"]
[BlackElo "1846"]

1. d4 Nf6 2. Nc3 d5 3. f3 e6 4. a3 Be7 5. e4 dxe4 6. fxe4 O-O 7. Bd3 b6 8. Qf3
Bb7 9. Be3 Nbd7 10. Qg3 Kh8 11. e5 Nd5 12. Nxd5 Bxd5 13. Qh3 g6 14. Nf3 Rc8 15.
O-O c5 16. Qh6 Rg8 17. Bg5 Rg7 18. Bxe7 Qxe7 19. Ng5 Rf8 20. Rf4 f6 21. exf6
Nxf6 22. Raf1 cxd4 23. Rxd4 Nh5 24. Rxf8+ Qxf8 25. Bxg6 1-0

[Event "AUTO-OPEN-4651"]
[Site "http://www.queenalice.com/game.php?id=1873085"]
[Date "2026.5.8"]
[Round "1"]
[White "silverado"]
[Black "Pin"]
[Result "1/2-1/2"]
[WhiteElo "1903"]
[BlackElo "2115"]

1. d4 Nf6 2. f3 d5 3. Bg5 Nbd7 4. e3 g6 5. Nh3 Bg7 6. Bb5 O-O 7. Nc3 c6 8. Ba4
e5 9. O-O Qb6 10. Bxf6 Bxf6 11. Rb1 exd4 12. exd4 Qxd4+ 13. Qxd4 Bxd4+ 14. Nf2
Bxc3 15. bxc3 Nc5 16. Bb3 Bf5 17. g4 Nxb3 18. Rxb3 Bc8 19. Re1 b6 20. Re7 Be6
21. Rb4 Rfc8 22. Nh3 h5 23. Ng5 Re8 24. Rxe8+ Rxe8 25. gxh5 gxh5 26. Nxe6 Rxe6
27. Kf2 Kg7 28. h4 Kg6 29. c4 c5 30. Ra4 d4 31. Rxa7 Kf6 32. Rb7 Kg6 33. a4 f6
34. Ra7 Kf5 35. a5 bxa5 36. Rxa5 Rc6 37. Kg3 Rc7 38. Ra6 Rg7+ 39. Kf2 Rc7 40.
Rd6 Kg6 41. Kg3 Kf5 42. Rd5+ Kg6 43. Kf4 Rc6 44. Rf5 Rc8 45. Rd5 1/2-1/2

[Event "AUTO-OPEN-4651"]
[Site "http://www.queenalice.com/game.php?id=1873086"]
[Date "2026.5.8"]
[Round "1"]
[White "Pin"]
[Black "silverado"]
[Result "1-0"]
[WhiteElo "2139"]
[BlackElo "1895"]

1. d4 d5 2. Nf3 f6 3. e3 a6 4. Bd3 Nc6 5. O-O Bg4 6. Nbd2 g6 7. b3 Nb4 8. Be2 e6
9. Bb2 Bd6 10. h3 Bf5 11. c3 Nc2 12. Rc1 Na3 13. c4 dxc4 14. e4 Bxe4 15. Nxe4
Be7 16. bxc4 f5 17. Ng3 Nf6 18. Ng5 Qd7 19. d5 exd5 20. cxd5 O-O 21. Ne6 Nxd5
22. Nxf8 Rxf8 23. Qb3 Nb5 24. Bxb5 axb5 25. Rfd1 c6 26. Ne2 Rf7 27. Nf4 Bg5 28.
Nxd5 cxd5 29. Rc5 h5 30. Rcxd5 Qe8 31. Rxb5 Qe4 32. Re5 Qc6 33. Rde1 Qc7 34.
Re8+ 1-0

[Event "AUTO-ADV-4936"]
[Site "http://www.queenalice.com/game.php?id=1873350"]
[Date "2026.5.13"]
[Round "1"]
[White "kuntakinte"]
[Black "silverado"]
[Result "0-1"]
[WhiteElo "1809"]
[BlackElo "1942"]

1. e4 d5 2. e5 c5 3. d4 c4 4. Be2 Bf5 5. Nc3 e6 6. a3 h6 7. b4 cxb3 8. cxb3 a6
9. b4 f6 10. Nf3 Qc7 11. Bd2 Ne7 12. b5 Qb6 13. a4 axb5 14. Nxb5 Nc8 15. a5 Qd8
16. Qa4 Nc6 17. Nc3 Rxa5 18. Qd1 Rxa1 19. Qxa1 Bb4 20. Bb5 O-O 21. O-O fxe5 22.
Rc1 Nxd4 23. Qb2 Bxc3 24. Bxc3 Nxb5 25. Qxb5 Qc7 26. Nxe5 Nb6 27. Ng6 Bxg6 28.
Qb2 Nc4 29. Qe2 Be4 30. Bd4 Qf4 31. Qe1 Qg4 32. g3 Qf3 33. Kf1 Qg2+ 0-1

[Event "AUTO-ADV-4936"]
[Site "http://www.queenalice.com/game.php?id=1873366"]
[Date "2026.5.13"]
[Round "1"]
[White "silverado"]
[Black "zubarev"]
[Result "1-0"]
[WhiteElo "1911"]
[BlackElo "2005"]

1. d4 d5 2. Nf3 Nf6 3. Nc3 e6 4. a3 Bd6 5. h3 O-O 6. Bg5 Be7 7. e3 Nbd7 8. Bb5
c6 9. Ba4 Ne4 10. Bxe7 Qxe7 11. Nxe4 dxe4 12. Nd2 f5 13. f3 Qh4+ 14. Kf1 Nf6 15.
Qe1 Qh6 16. Kf2 exf3 17. Nxf3 Ne4+ 18. Kg1 Rf6 19. Ne5 Qg5 20. h4 Qg3 21. Qe2
Rh6 22. Rh3 Qxh3 23. gxh3 Rxh4 24. Kh2 Ng5 25. Kg3 Rxh3+ 26. Kf4 h6 27. Nxc6
Rf3+ 28. Qxf3 Nxf3 29. Ne7+ Kh7 30. Kxf3 g5 31. Be8 Kg7 32. Nxc8 Rxc8 33. Ba4
Kf6 34. Bb3 h5 35. c3 Rd8 36. Rd1 e5 37. dxe5+ 1-0

[Event "AUTO-ADV-4936"]
[Site "http://www.queenalice.com/game.php?id=1873368"]
[Date "2026.5.13"]
[Round "1"]
[White "silverado"]
[Black "Capixabba789"]
[Result "1/2-1/2"]
[WhiteElo "1956"]
[BlackElo "1845"]

1. d4 d5 2. c4 e6 3. c5 Nf6 4. f3 Be7 5. Nh3 O-O 6. b4 a6 7. Bb2 Nc6 8. a3 Nd7
9. g3 e5 10. dxe5 Ndxe5 11. Nf4 f6 12. Nxd5 Be6 13. Nxe7+ Qxe7 14. e4 Rad8 15.
Nd2 Qd7 16. Bc3 Nd4 17. Bg2 b5 18. cxb6 cxb6 19. O-O b5 20. f4 Nec6 21. f5 Bf7
22. Rf4 Ne5 23. h4 Nc4 24. Nxc4 Bxc4 25. Bxd4 Qxd4+ 26. Qxd4 Rxd4 27. h5 h6 28.
Kh1 Rd3 29. Rg4 Re3 30. Kh2 Rd8 31. Kg1 Rdd3 32. Kh2 Rxa3 33. Rxa3 Rxa3 34. e5
fxe5 35. Re4 Rb3 36. Rxe5 Rxb4 37. Bc6 Rb2+ 38. Kh3 a5 39. Re8+ Kf7 40. Ra8 Bf1+
41. Kh4 a4 42. Ra6 Rb4+ 43. g4 Be2 44. Bd5+ Ke7 45. Re6+ Kf8 46. Rxe2 a3 47. Ra2
Ra4 48. Bc6 Ra5 49. Bd5 b4 50. Be6 Ke7 51. g5 hxg5+ 52. Kxg5 Ra6 53. Rd2 Rxe6
54. fxe6 Kxe6 55. Ra2 Kd5 56. Kg6 Kc4 57. Kxg7 Kb3 58. Rh2 a2 59. Rh3+ Ka4 60.
Rh1 b3 61. h6 b2 62. h7 b1=Q 63. Rxb1 axb1=Q 64. h8=Q Qb2+ 65. Kg8 Qxh8+ 66.
Kxh8 Kb4 67. Kg7 1/2-1/2

[Event "AUTO-ADV-4936"]
[Site "http://www.queenalice.com/game.php?id=1873369"]
[Date "2026.5.13"]
[Round "1"]
[White "Capixabba789"]
[Black "silverado"]
[Result "1-0"]
[WhiteElo "1771"]
[BlackElo "1917"]

1. d4 d5 2. Nc3 c6 3. f4 Bf5 4. Nf3 h6 5. e3 Nf6 6. Bd3 Ne4 7. O-O e6 8. Ne5 Nd7
9. Nxe4 Nxe5 10. fxe5 dxe4 11. Be2 g5 12. Bh5 Bg7 13. Bxf7+ Kxf7 14. g4 Kg6 15.
gxf5+ exf5 16. c3 Qb6 17. a4 Rad8 18. a5 Qa6 19. b4 Bxe5 20. Qe1 Bd6 21. Bb2
Rhf8 22. Rc1 f4 23. c4 b6 24. c5 bxc5 25. dxc5 Bc7 26. exf4 Bxf4 27. Qxe4+ Kh5
28. Rcd1 Bxh2+ 29. Kxh2 Rxf1 30. Rxd8 Rf2+ 31. Kg3 Re2 32. Qg4+ Kg6 33. Rd6+ Kf7
34. Qd7+ Kf8 35. Rf6+ Kg8 36. Qf7+ 1-0

[Event "AUTO-OPEN-4652"]
[Site "http://www.queenalice.com/game.php?id=1873421"]
[Date "2026.5.15"]
[Round "1"]
[White "silverado"]
[Black "Capixabba789"]
[Result "0-1"]
[WhiteElo "1948"]
[BlackElo "1820"]

1. e4 e5 2. d4 exd4 3. Qxd4 d5 4. exd5 Nf6 5. c4 Be7 6. f3 O-O 7. Bd3 b6 8. Ne2
Bb7 9. Nf4 Nbd7 10. O-O Bc5 0-1

[Event "AUTO-OPEN-4652"]
[Site "http://www.queenalice.com/game.php?id=1873422"]
[Date "2026.5.15"]
[Round "1"]
[White "Capixabba789"]
[Black "silverado"]
[Result "0-1"]
[WhiteElo "1846"]
[BlackElo "1944"]

1. d4 d5 2. Nc3 c6 3. e3 Nf6 4. f4 Bg4 5. Nf3 Qa5 6. Be2 Ne4 7. O-O Nxc3 8. bxc3
Qxc3 9. Bd2 Qa3 10. c4 dxc4 11. Bxc4 b5 12. Bxf7+ Kxf7 13. Ne5+ Ke8 14. Qxg4 Qd6
15. Qc8+ Qd8 16. Qxd8+ Kxd8 17. Nf7+ Ke8 18. Nxh8 g6 19. Bc3 Bg7 20. Nxg6 hxg6
21. e4 Na6 22. e5 b4 23. Bb2 c5 24. dxc5 Nxc5 25. Rad1 a5 26. Bd4 Ne6 27. Ba1
Bh6 28. g3 a4 29. h4 Rc8 30. Rf2 Rc4 31. Kg2 a3 32. f5 gxf5 33. Rxf5 Rc2+ 34.
Kh3 Rxa2 35. Rh5 Bg7 36. Rf5 b3 37. Rff1 b2 38. Bxb2 axb2 39. Rfe1 Nc5 40. Rb1
Nd3 41. Re2 Bxe5 42. h5 Ra1 43. Rbxb2 Bxb2 44. h6 Rh1+ 45. Rh2 Nf2+ 46. Kg2
Rxh2+ 47. Kxh2 Ng4+ 48. Kh3 Nxh6 49. Kh4 e5 50. g4 e4 51. Kg3 e3 52. Kf3 Nxg4
53. Ke2 Bc1 0-1

[Event "AUTO-OPEN-4652"]
[Site "http://www.queenalice.com/game.php?id=1873423"]
[Date "2026.5.15"]
[Round "1"]
[White "silverado"]
[Black "maurice916"]
[Result "1-0"]
[WhiteElo "1953"]
[BlackElo "1850"]

1. e4 c6 2. d4 d5 3. e5 c5 4. Nc3 e6 5. Nf3 cxd4 6. Qxd4 Nc6 7. Qf4 h6 8. Bb5
Bd7 9. O-O Nge7 10. Nd4 g5 11. Qe3 Bg7 12. Nxc6 bxc6 13. Bd3 O-O 14. f4 Nf5 15.
Bxf5 gxf4 16. Qxf4 exf5 17. Qg3 Kh8 18. Be3 Re8 19. Bd4 Qc7 20. Rae1 Be6 21. Na4
Bf8 22. Rxf5 Bxf5 23. e6+ Kh7 24. Qxc7 Bxe6 25. Qxc6 Rac8 26. Qa6 Be7 27. c3 Bh4
28. g3 Be7 29. Qd3+ Kg8 30. Rxe6 fxe6 31. Qg6+ Kf8 32. Qg7# 1-0

[Event "AUTO-OPEN-4652"]
[Site "http://www.queenalice.com/game.php?id=1873424"]
[Date "2026.5.15"]
[Round "1"]
[White "maurice916"]
[Black "silverado"]
[Result "1-0"]
[WhiteElo "1838"]
[BlackElo "1965"]

1. Nf3 d5 2. b3 c5 3. Bb2 f6 4. d4 e6 5. e3 cxd4 6. exd4 Nh6 7. g3 Nc6 8. Bg2 g5
9. O-O b5 10. a4 b4 11. Nbd2 Bg7 12. c3 O-O 13. Re1 bxc3 14. Bxc3 Nf5 15. g4 Nd6
16. Qc2 f5 17. Nxg5 Qxg5 18. gxf5 Nxf5 19. Kh1 Nfxd4 20. Bxd4 Nxd4 21. Qc1 Rxf2
22. Rg1 Ne2 23. Qc6 Nxg1 24. Rxg1 Rb8 25. Nf3 Qh5 26. Qc7 Rxf3 27. Qxb8 Rf8 28.
Qd6 a6 29. Qa3 Bd4 30. Rc1 Be5 31. h3 Qe2 32. Qe7 Bf4 33. Rf1 e5 34. Bxd5+ 1-0

[Event "AUTO-ADV-4914"]
[Site "http://www.queenalice.com/game.php?id=1873537"]
[Date "2026.5.18"]
[Round "2"]
[White "silverado"]
[Black "maurice916"]
[Result "1-0"]
[WhiteElo "1956"]
[BlackElo "1901"]

1. d4 d5 2. c4 c6 3. c5 a5 4. a4 b6 5. b3 bxc5 6. dxc5 Ba6 7. Nf3 Nf6 8. Bb2 e6
9. Qc2 Be7 10. Ba3 Nbd7 11. b4 axb4 12. Bxb4 O-O 13. Nbd2 Rb8 14. Rb1 Rb7 15.
Nd4 Qc7 16. g3 e5 17. Nf5 Re8 18. Bg2 Bf8 19. O-O d4 20. Rfe1 g6 21. Nd6 Bxd6
22. cxd6 Qb8 23. Bxc6 Ra7 24. Bc5 Nxc5 25. Rxb8 Rxb8 26. Qxc5 Rba8 27. d7 Nxd7
28. Bxd7 Rxd7 29. Qc6 Rda7 30. Nf3 Bb7 31. Qf6 Bxf3 32. exf3 Rxa4 33. Qxe5 d3
34. Qd5 Ra3 35. Rd1 Ra1 36. Qxd3 Rxd1+ 37. Qxd1 Rf8 38. f4 Kg7 39. h4 h6 40. g4
Re8 41. Qd4+ Kh7 42. f5 Rg8 43. fxg6+ fxg6 44. f4 Rg7 45. Qe5 Kg8 46. Qe6+ Kh7
47. f5 gxf5 48. Qxf5+ Kh8 49. Qf8+ Kh7 50. Qf5+ Kh8 51. g5 hxg5 52. hxg5 Kg8 53.
Kf2 Rf7 54. Qxf7+ Kxf7 55. Kg3 Kg6 56. Kg4 Kg7 57. Kh5 Kh7 58. g6+ Kg7 59. Kg5
Kg8 60. Kh6 Kh8 61. Kg5 Kg7 62. Kf5 Kf8 63. Kf6 Kg8 64. g7 Kh7 65. Kf7 1-0

[Event "AUTO-ADV-4914"]
[Site "http://www.queenalice.com/game.php?id=1873538"]
[Date "2026.5.18"]
[Round "2"]
[White "maurice916"]
[Black "silverado"]
[Result "1-0"]
[WhiteElo "1884"]
[BlackElo "1952"]

1. Nf3 d5 2. b3 f6 3. d4 h6 4. h3 Nc6 5. Bb2 Bf5 6. c3 e6 7. e3 a6 8. Nbd2 g5 9.
Be2 Bg7 10. Nh2 Nge7 11. O-O O-O 12. g4 Bh7 13. f4 Qd6 14. Rf2 Ng6 15. Bd3 gxf4
16. Bxg6 fxe3 17. Bxh7+ Kxh7 18. Qc2+ f5 19. Rf3 exd2 20. Qxd2 Rf6 21. c4 Rg6
22. Rg3 Qxg3+ 23. Qg2 Qe3+ 24. Kh1 fxg4 25. Nxg4 Qe4 26. Qxe4 dxe4 27. Rd1 Nb4
28. a3 Nc2 29. Rd2 Ne1 30. Re2 Nf3 31. Rxe4 c5 32. Rf4 Nd2 33. Ne5 Rg3 34. Kh2
Rxb3 35. Bc1 Nb1 36. Rf7 cxd4 37. Ng4 Rf8 38. Re7 Kg6 39. Rxe6+ Kh7 40. Re7 Kg6
41. Re6+ Kf5 42. Re7 Bf6 43. Rh7 Bg5 44. Bxg5 hxg5 45. Re7 Nxa3 46. c5 Kg6 47.
Re6+ Kh5 48. Rh6# 1-0

[Event "AUTO-OPEN-4653"]
[Site "http://www.queenalice.com/game.php?id=1873609"]
[Date "2026.5.21"]
[Round "1"]
[White "Tonto"]
[Black "silverado"]
[Result "1-0"]
[WhiteElo "1975"]
[BlackElo "1903"]

1. e4 e5 2. Nf3 Nc6 3. Be2 h6 4. d4 exd4 5. Nxd4 Qf6 6. Nxc6 dxc6 7. Nc3 Be6 8.
Be3 Bb4 9. O-O Bxc3 10. bxc3 Qxc3 11. Bd4 Qb4 12. Rb1 Qa4 13. Rxb7 O-O-O 14.
Rb8+ Kxb8 15. Bxa7+ Qxa7 16. Qxd8+ Kb7 17. Rb1+ 1-0

[Event "AUTO-OPEN-4653"]
[Site "http://www.queenalice.com/game.php?id=1873639"]
[Date "2026.5.21"]
[Round "1"]
[White "silverado"]
[Black "EduardoRo"]
[Result "0-1"]
[WhiteElo "1970"]
[BlackElo "1786"]

1. d4 e6 2. e4 Bb4+ 3. c3 Ba5 4. a3 Nf6 5. Bg5 O-O 6. e5 d5 7. exd6 cxd6 8. Bd3
Nbd7 9. Nd2 Qc7 10. h4 h6 11. Bxf6 Nxf6 12. f3 e5 13. Ne2 Be6 14. dxe5 dxe5 15.
Ng3 e4 16. Ndxe4 Nxe4 17. Nxe4 Rad8 18. Qc2 f5 19. Nf2 Rfe8 20. O-O-O Bb6 21.
Rhe1 Bxf2 22. Bxf5 Qf4+ 23. Kb1 Bxf5 24. Rxe8+ Rxe8 25. Rd3 Bxd3 26. Qxd3 Re1+
27. Kc2 Rc1+ 28. Kb3 Qf7+ 29. c4 b5 30. Qd8+ Kh7 31. Qd3+ Kg8 32. Qd8+ Qf8 33.
Qd5+ Kh8 34. Qxb5 Bxh4 35. Qe5 Bf6 36. Qb5 Rb1 37. Ka4 Rxb2 38. Qa5 Qe8+ 0-1

[Event "AUTO-OPEN-4653"]
[Site "http://www.queenalice.com/game.php?id=1873641"]
[Date "2026.5.21"]
[Round "1"]
[White "silverado"]
[Black "josebaron"]
[Result "1/2-1/2"]
[WhiteElo "1890"]
[BlackElo "2217"]

1. d4 d5 2. Nf3 Nf6 3. c4 dxc4 4. Qa4+ Bd7 5. Qxc4 e6 6. a3 Bd6 7. Nc3 a6 8. Bg5
h6 9. Bxf6 Qxf6 10. e3 O-O 11. Bd3 Qd8 12. Ne4 Bb5 13. Qb3 Bxd3 14. Qxd3 Nd7 15.
Nxd6 cxd6 16. O-O Nf6 17. h3 d5 18. Ne5 Nd7 19. f4 Nxe5 20. fxe5 f5 21. exf6
Rxf6 22. Rxf6 Qxf6 23. Rf1 Qe7 24. Qg6 Rf8 25. Rxf8+ Kxf8 26. Qh7 Qc7 1/2-1/2

[Event "AUTO-OPEN-4653"]
[Site "http://www.queenalice.com/game.php?id=1873642"]
[Date "2026.5.21"]
[Round "1"]
[White "josebaron"]
[Black "silverado"]
[Result "1/2-1/2"]
[WhiteElo "2215"]
[BlackElo "1931"]

1. e4 e5 2. Nf3 Nc6 3. Bb5 Qf6 4. Bxc6 dxc6 5. d3 h6 6. O-O Be7 7. Nc3 Bg4 8.
Be3 Bb4 9. a3 Bxc3 10. bxc3 Ne7 11. h3 Bh5 12. c4 O-O 13. g4 Bg6 14. g5 hxg5 15.
Bxg5 Qd6 16. Bxe7 Qxe7 17. Kg2 Rad8 18. Qb1 b6 19. Qb4 c5 20. Qb2 f6 21. Nh4 Bh7
22. Nf5 Bxf5 23. exf5 e4 24. Rae1 Rd4 25. Qc1 Re8 26. f3 exf3+ 27. Kxf3 Qd7 28.
Rxe8+ Qxe8 29. Qe3 Qc6+ 30. Kg3 Qd6+ 31. Kg2 Qc6+ 32. Kg3 Qd6+ 33. Kg2 Qc6+ 34.
Kg3 1/2-1/2